| 000 | 01051nam a2200229Mi 4500 | ||
|---|---|---|---|
| 001 | vulcimore00more | ||
| 003 | CaSfIA | ||
| 005 | 20210119110211.0 | ||
| 007 | cr|||| | ||
| 008 | 981215s1983 it 000 0 ita d | ||
| 040 |
_aGyGoGBV _erakwb _bger _cGBVCP _dCaSfIA |
||
| 035 | _a(OCoLC)246414075 | ||
| 245 | 0 | 0 |
_aVulci / _h[electronic resource] _cby Mario Moretti. |
| 260 |
_aNovara : _bIstituto Geografico De Agostini, _c1983. |
||
| 300 |
_a64 S : _bzahlr. Ill. |
||
| 700 | 1 | _aMoretti, Mario. | |
| 856 | 4 | 1 |
_uhttp://www.archive.org/details/vulcimore00more _zFree eBook from the Internet Archive |
| 856 | 4 | 2 |
_uhttp://www.openlibrary.org/books/OL24401251M _zAdditional information and access via Open Library |
| 942 | _cEB | ||
| 506 | _fНеобхідна авторизація на https://archive.org/ (створення облікового запису безкоштовно) | ||
| 506 | _fНеобхідна авторизація на https://openlibrary.org/ (створення облікового запису безкоштовно) | ||
| 999 |
_c562842 _d562842 |
||